00630nam a2200181Ia 4500003000900000008004100009020001800050040001600068080001600084100002200100245010200122260004000224300001500264650001400279942000700293999001700300952013100317IN-BaIIA211028s9999 xx 000 0 eng d a0-7503-0765-X cIIA Library a524.83bYUL aYulsman, T928743 0aOriginsbthe quest for our cosmic rootscT. Yulsman  aBristolbInstitute of Physicsc2003 axvi, 384p. aCosmology cBK c15592d15592 00104070aBANbBANcGENd2004-01-17eANJ g252.65l0o524.83/ YULp16514r2021-11-05v252.65w2004-01-17yBKGRs. 252.65